<?xml version="1.0" encoding="UTF-8"?>
<collection xmlns="http://www.loc.gov/MARC21/slim">
    <record>
        <controlfield tag="001">95516</controlfield>
        <controlfield tag="005">20200925141257.0</controlfield>
        <datafield tag="024" ind1="8" ind2=" ">
            <subfield code="2">sideral</subfield>
            <subfield code="a">119015</subfield>
        </datafield>
        <datafield tag="037" ind1=" " ind2=" ">
            <subfield code="a">ART-2020-119015</subfield>
        </datafield>
        <datafield tag="041" ind1=" " ind2=" ">
            <subfield code="a">spa</subfield>
        </datafield>
        <datafield tag="100" ind1=" " ind2=" ">
            <subfield code="0">(orcid)0000-0001-7110-3304</subfield>
            <subfield code="a">Barrio Gallardo, Aurelio</subfield>
            <subfield code="u">Universidad de Zaragoza</subfield>
        </datafield>
        <datafield tag="245" ind1=" " ind2=" ">
            <subfield code="a">Convivencia more uxorio y cuentas corrientes indistintas</subfield>
        </datafield>
        <datafield tag="260" ind1=" " ind2=" ">
            <subfield code="c">2020</subfield>
        </datafield>
        <datafield tag="506" ind1="0" ind2=" ">
            <subfield code="a">Access copy available to the general public</subfield>
            <subfield code="f">Unrestricted</subfield>
        </datafield>
        <datafield tag="520" ind1="3" ind2=" ">
            <subfield code="a">El autor se muestra crítico con la tendencia jurisprudencial que favorece la consideración de una comunidad tácita de bienes entre los miembros de una pareja de hecho. Ante la falta de pacto expreso, el principio rector debería ser el mantenimiento de sus economías separadas y la aplicación a las disputas relativas
al saldo de cuentas indistintas y adquisiciones a título oneroso de las normas generales de Derecho patrimonial en vez de recurrir a especialidades propias del matrimonio. The author is critical of the case-law tendency favorable to hold the existence of a tacit tenancy in common between the members of a civil partnership. In the absence of an express agreement, the guiding principle should be to keep its property separated and to apply to disputes, concerning the balance of joint bank accounts and purchases of an onerous nature, the Patrimonial Law general rules instead of marriage specialties.</subfield>
        </datafield>
        <datafield tag="536" ind1=" " ind2=" ">
            <subfield code="9">info:eu-repo/grantAgreement/ES/DGA-FEDER/S26-20R</subfield>
        </datafield>
        <datafield tag="540" ind1=" " ind2=" ">
            <subfield code="9">info:eu-repo/semantics/openAccess</subfield>
            <subfield code="a">by</subfield>
            <subfield code="u">http://creativecommons.org/licenses/by/3.0/es/</subfield>
        </datafield>
        <datafield tag="655" ind1=" " ind2="4">
            <subfield code="a">info:eu-repo/semantics/article</subfield>
            <subfield code="v">info:eu-repo/semantics/publishedVersion</subfield>
        </datafield>
        <datafield tag="710" ind1="2" ind2=" ">
            <subfield code="1">4004</subfield>
            <subfield code="2">130</subfield>
            <subfield code="a">Universidad de Zaragoza</subfield>
            <subfield code="b">Dpto. Derecho Privado</subfield>
            <subfield code="c">Área Derecho Civil</subfield>
        </datafield>
        <datafield tag="773" ind1=" " ind2=" ">
            <subfield code="g">30 (2020), 124-151</subfield>
            <subfield code="p">Rev. boliv. derecho</subfield>
            <subfield code="t">REVISTA BOLIVIANA DE DERECHO</subfield>
            <subfield code="x">2070-8157</subfield>
        </datafield>
        <datafield tag="856" ind1="4" ind2="1">
            <subfield code="u">https://www.revista-rbd.com/wp-content/uploads/2020/07/5._Aurelio_Barrio_pp._122-151.pdf</subfield>
            <subfield code="z">Texto completo de la revista</subfield>
        </datafield>
        <datafield tag="856" ind1="4" ind2=" ">
            <subfield code="s">434560</subfield>
            <subfield code="u">http://zaguan.unizar.es/record/95516/files/texto_completo.pdf</subfield>
            <subfield code="y">Versión publicada</subfield>
        </datafield>
        <datafield tag="856" ind1="4" ind2=" ">
            <subfield code="s">70772</subfield>
            <subfield code="u">http://zaguan.unizar.es/record/95516/files/texto_completo.jpg?subformat=icon</subfield>
            <subfield code="x">icon</subfield>
            <subfield code="y">Versión publicada</subfield>
        </datafield>
        <datafield tag="909" ind1="C" ind2="O">
            <subfield code="o">oai:zaguan.unizar.es:95516</subfield>
            <subfield code="p">articulos</subfield>
            <subfield code="p">driver</subfield>
        </datafield>
        <datafield tag="951" ind1=" " ind2=" ">
            <subfield code="a">2020-09-25-11:43:15</subfield>
        </datafield>
        <datafield tag="980" ind1=" " ind2=" ">
            <subfield code="a">ARTICLE</subfield>
        </datafield>
    </record>

    
</collection>